| 000 | 00839cam a22002657a 4500 | ||
|---|---|---|---|
| 003 | CHAP | ||
| 005 | 20220329134351.0 | ||
| 008 | 971013s r 00010 d | ||
| 010 | _a19445 | ||
| 011 | _a20417 | ||
| 035 | _a24505 | ||
| 040 | _cCHAP | ||
| 090 | _aD-87 | ||
| 110 | 2 |
_aCentro Internacional de Agricultura Tropical _921185 |
|
| 245 | 1 | 3 | _aLa roya del frijol y su control (Diapositiva) |
| 260 |
_a(Cali : _bCentro Internacional de Agricultura Tropical, _c(s.a.) |
||
| 300 | _a91 diapositivas col. 2 x 2 plg. y 1 cassette ( guía del maestro) | ||
| 590 |
_aBATCH-UPD _b10 _c20130110 _lUCH01 _h2101 |
||
| 590 |
_aCONVERSION _b10 _c20130109 _lUCH01 _h1312 |
||
| 650 | 1 | 4 |
_aFrijol _xEnfermedades. _943367 |
| 650 | 1 | 4 |
_aRoya del frijol. _9100386 |
| 901 | _aBK | ||
| 942 | _cD | ||
| 949 |
_aD-87 _bBC _cD _d-56455 _eD _h59617 _i24505 _si |
||
| 999 |
_c19445 _d19445 |
||